MDQL
is popping MORE tags! Check the
thread
!
Quizzes
Events
Quiz Creation
Community
Videos
Private Events
Remove Ads
Sign In
Join for FREE
Feedback
Dark Mode
Quiz Categories
Sports
Geography
Music
Movies
Television
Just For Fun
Miscellaneous
History
Literature
Language
Science
Gaming
Entertainment
Religion
Holiday
For Kids
Quiz Lab
Recent
Popular Today
Quiz Kudos Today
Editor Picks
Curator Picks
Quizzes by...
Day
Popularity
Type
Ratings
Length
Year
Community
Subscriptions
Recent Discussions
Orange Saloon
Badges
Playlists
Quests
Create
Leaderboards
Showdown
Live 5
Trivia Bingo
Activity
Puzzle Library
Sporcle Events
Private Events
Virtual Trivia
Globe League
Become a Host
Pub Owners
SporcleCon
Opinionation
Our Games
Videos
Blog
Mobile Apps
Partnerships
Remove Ads and Go Orange
Feedback
History
US Presidents
World Leaders
Politics
Nation
Discovery
War
Decade
Year
Century
Biography
Art
History
US Presidents
World Leaders
Politics
Nation
Discovery
War
Decade
Year
Century
Biography
Art
Random Quiz
Search Sporcle
×
Quiz Lab
Quiz Lab
History
War
Type in answers that appear in a list
Type in answers that appear in a list
Classic
Best Score? Go Orange.
Rome's Wars with Carthage Stats
Can you name the Rome's Wars with Carthage?
By
PhyllisM
6m
19 Questions
275 Plays
275 Plays
275 Plays
Comments
Comments
Give Quiz Kudos
Give Quiz Kudos
-
- Ratings
hide this ad
Replay
Link that replays current quiz
Next Quiz
Link to next quiz in quiz playlist
You Got
0%
They Got
Avg Score
39%
Avg Friend Score
Upgrade to see
Score Distribution
Jump to the score distribution portion of the page
Score
0/19
Timer
06:00
0
Plays Today
Hint
Answer
% Correct
These three wars with Carthage were collectively called this
Punic Wars
96.7%
This leader of Carthage famously led a huge force over the Alps to northern Italy, bringing many elephants (just one survived the trip over the mountains)
Hannibal
89.1%
Italian mercenaries at Messina called for help from the Romans against the Carthaginians-
-
-
-
-
-
on this island
Sicily
72.7%
This famous Roman general won a major victory at Zama to confirm Rome's standing as a regional superpower
Scipio Africanus
71.3%
Carthage was historically founded by this queen, with whom the legendary founder of Rome, Aeneas, fell in love
Dido
66.5%
Carthage was said to be founded by traders from _
_
_
_
_
Phoenicia
62.9%
This part of Carthage's army forces was a powerful force with which the Romans had no prior experience, and thus had to build one
navy
54.2%
That leader won crushing set-
piece battles here (two answers are correct)
Lake Trasimeme
46.2%
That leader campaigned for this many years in Italy, but was ultimately unsuccessful
16
36.7%
This member of the Second Triumvirate held power over the Roman province of Africa
Lepidus
34.2%
Hint
Answer
% Correct
This talented military strategist had conquered Spain for the Carthaginians, making Carthage a powerful maritime empire
Hamilcar Barca
32%
Hannibal was forced to return to Africa in this year because of a Roman counter-
attack on Carthage (write b.c. or a.d. after date)
203 B.C.
24.7%
This grandson of the famous Roman general who was victorius at Zama was responsible for Rome's final victory over Carthage
Scipio Aemilianus
16%
The third war took place in between these years
149-146 b.c.
9.8%
These were the dates of Rome's first war with Carthage (write b.c. or a.d. after date)
264-241 B.C.
8.7%
Name of one sea battle before the year 250 B.C. that was won by the Romans in the war
Mylae
7.6%
Rome finally took victory off these islands
Aegates
6.5%
Name of one land battle where Rome was also successful against the Carthaginians
Agrigentum
5.5%
Rome's fleet was destroyed in 249 B.C. at _
_
_
_
_
Drepana
4%
Quiz Playlist
Details
Report
Send in Message
Add To Playlist
Classic:
Type in answers that appear in a list
Last Updated: Feb 16, 2017
Quiz Scoreboard
CHALLENGE
Sign Up to Join the Scoreboard
Show All
Scores
Hide
Comments
May contain spoilers
Recently Published
1-10 Letter E Words III
by El_Dandy
Language
2m
Street Fighter Characters
by Artimus82
Gaming
60s
College Basketball Coaching Resumes
by pancakes188
Sports
9m
More to Explore
Quiz From the Vault
Featured Blog Post
Where Did the Easter Bunny Come From?
hide this ad
You Might Also Like...
Tags
War Quiz
rome
Today's Top Quizzes in History
Browse History
hide this ad
Today's Top Quizzes in War
Browse War
Top Contributed Quizzes in History
1
Popular People in 1991
2
Popular People in 1981
3
Popular People in 1951
4
Popular People in 1941
5
Popular People in 1986
6
Popular People in 1976
7
Popular People in 1921
8
5-to-1: 20th Century Images of War
9
I Am Born On March 28th
10
Popular People in 1946
Explore More
Trending Topics
Disney
Crossword
Marvel
Kpop
Harry Potter
NBA
Anime
Soccer
Puzzle
Song
WWE
Pokémon
NFL
Country
The Office
hide this ad
More By:
PhyllisM
Quiz
Plays
Rating
Category
Featured
Created
Rome's Wars with Carthage
275
5.00
History
Feb 19, 2011
PM: Cupid and Psyche
232
3.00
Literature
Nov 17, 2010
PM: General Roman and Greek Mythology
177
3.00
Literature
Oct 26, 2010
Hercules
167
3.67
Literature
Feb 18, 2011
PM: Olympian Introduction
162
5.00
Literature
Oct 19, 2010
Go to Creator's Profile
Score Distribution
Quiz Creator Spotlight
PhyllisM
Follow
Send a Message
Quizzes Created
-
Created Quiz Play Count
-
More By This Creator
Popular Quizzes Today
1
Find the US States - No Outlines Minefield
2
Find the Countries of Europe - No Outlines Minefield
3
The Countries of the World
4
Find the US States
5
Risky Map Clicking: Biggest States A-Z
6
US States
7
Popular People in 1961
8
Movies - When Are They Set?
More History Quizzes
On This Day: May 30th
Published
Trending Quizzes
Risky Map Clicking: Least Populous States A-Z
Billboard Blitz: Aretha Franklin
Famous Russians: Author or Composer?
Countries of the World: 200 Million BC
1-10 Letter G Words
Recently Updated
Leaping Animals
pecheneg
Reality TV Shows (A-Z)
bhenderson79
Rickey Henderson's Hall of Fame Teammates
pecheneg
Champions League XIs: Arsenal
pecheneg
Quick Pick: Celebrities in WWE's Hall of Fame
aduchscher
A-Z Keypad Blitz II
pecheneg
Multiple Oscar Actors
pecheneg
Mystery Phrase Blitz: Oscar 'Best Actors'
pecheneg
F. Scott Fitzgerald Novels
LTH
Pick 3 Villains
ddd62291
Trending Topics
NBA
Disney
Marvel
Crossword
Kpop
Anime
Harry Potter
WWE
Puzzle
Country
NFL
Soccer
Pokémon
Song
The Office
Your Account Isn't Verified!
In order to create a playlist on Sporcle, you need to verify the email address you used during registration. Go to your
Sporcle Settings
to finish the process.
Report this User
Report this user for behavior that violates our
Community Guidelines
.
Details:
Send Report
Go to the Sporcle.com Mobile Site →
Comments